Giáo trình tiếng hán cổ đại

保存先:
書誌詳細
フォーマット: 図書
タグ: タグ追加
タグなし, このレコードへの初めてのタグを付けませんか!
Thư viện lưu trữ: Mạng thư viện Đại học Đà Nẵng
LEADER 00691nam a2200205 4500
001 000015719
003 12102
005 20150812150801.0
008 120531s sd
245 0 0 |a Giáo trình tiếng hán cổ đại  |c Lê Văn Quán 
774 |a Lê Văn Quán  |d Giáo dục  |d H.  |d 1992  |g T.2  |h 246 tr.  |t Giáo trình tiếng Hán cổ đại  |w 12104 
774 |a Lê Văn Quán  |d Giáo dục  |d H.  |d 1991  |g T.1  |h 222 tr.  |t Giáo trình tiếng Hán cổ đại  |w 12108 
OWN |a LSP 
999 |a From the UDN01 
TYP |a Monograph 
TYP |a Printed language 
980 |a Mạng thư viện Đại học Đà Nẵng